British History by Letter - P - Statistics

General Stats
  • This quiz has been taken 725 times
    536 since last reset
  • The average score is 8 of 18
Answer Stats
Hint Answer % Correct
Patron saint who was taken as a slave from Ireland where he would later return as a man of god St Patrick
94%
Jane Austen novel following the life and character of Elizabeth Bennet Pride and Prejudice
77%
England signs an alliance with this nation, believed to be the oldest still in practice Portugal
69%
A watershed moment in the history of Ireland, the failure of this crop and the response by the British government led to a collapse of the population that has still hasn't recovered Potato
62%
Group of Celtic speaking people who lived in Northeast Scotland and found conflict with both the Romans and Vikings Picts
61%
London street believed to have been where the Great Fire of London began Pudding Lane
58%
Husband of Mary I whose marriage brought into question the customs of marriage and inheritance held at the time Philip of Spain
54%
Royal house brought to an end by the War of the Roses Plantagenet
53%
Politician who founded the Metropolitan Police Force Robert Peel
49%
Diarist whose first hand accounts gave great insight into a number of key events of the mid 17th century Samuel Pepys
47%
Debut novel of Charles Dickens published in issue The Pickwick Papers
47%
Uprising led by Wat Tyler against increased taxation and the common practice of serfdom during the aftermath of the Black Death Peasant's Revolt
41%
One of the founding members of Britain's suffragette movement Emmeline Pankhurst
40%
World's first adhesive postage stamp issued during the reign of Queen Victoria Penny Black
40%
English settlers who sailed from Plymouth bound for North America Pilgrim Fathers
27%
Event in which 18 people where killed when the household cavalry charged on a Manchester crowd protesting reform to parliamentary representation Peterloo Massacre
18%
Greek merchant explorer that produced the first written record of the inhabitants of Great Britain Pytheas
4%
Roman General who defeated Boudica's rebellion Gaius Suetonius Paulinus
2%
No matching quizzes found
Score Distribution
Percent of People with Each Score
Percentile by Number Answered
Your Score History
You have not taken this quiz since the last reset